1: Volume primo /
Salvato in:
| Autore principale: | |
|---|---|
| Altri autori: | |
| Natura: | Libro |
| Lingua: | italiano |
| Pubblicazione: |
Roma :
Il Simbolo,
2024
|
| Tags: |
Nessun Tag, puoi essere il primo ad aggiungerne!!
|
MARC
| LEADER | 00000nam a22000007ib4500 | ||
|---|---|---|---|
| 001 | IT\ICCU\RMB\0827152 | ||
| 003 | ItRI | ||
| 005 | 20250728165611.0 | ||
| 008 | 250213s2024 it |||||| ||||| |||||c | ||
| 020 | |a 9791281922006 | ||
| 040 | |b ita |c Arcigay Viterbo | ||
| 041 | 7 | |a ita |2 ISO-639-2 | |
| 100 | 1 | |a Raff, Agostino |0 IT\ICCU\LO1V\154257 |4 aut | |
| 245 | 1 | 3 | |a 1: Volume primo / |c Agostino Raff : postfazione di Ignazio Gori ; [nota di Davide Cortese]. |
| 260 | |a Roma : |b Il Simbolo, |c 2024 | ||
| 300 | |a 297 p. ; |c 21 cm | ||
| 700 | 1 | |a Gori, Ignazio |0 IT\ICCU\RMSV\965514 |4 aft | |
| 773 | 0 | |w IT\ICCU\RMB\0827149 |t Poesie |g 1 |a Raff, Agostino |0 IT\ICCU\LO1V\154257 | |
| 942 | |2 ddc |c BK |n 0 | ||
| 952 | |0 0 |1 0 |2 ddc |4 0 |6 A_17_000000000000000 |7 0 |9 9378 |a VT |b VT |d 2025-07-28 |e Deposito Lorenzo Abbate |i ABB9 |l 0 |o A17 |p ABB9 |r 2025-07-28 16:59:00 |w 2025-07-28 |y BK |z Deposito Lorenzo Abbate | ||
| 981 | 1 | |6 z01 |a i |b xxxe | |
| 982 | 1 | |6 z01 |a n | |
| 999 | |c 7828 |d 7828 | ||